| 000 | 00920nam a2200229 i 4500 | ||
|---|---|---|---|
| 001 | 67916 | ||
| 003 | ES-MaACL | ||
| 005 | 20240203062544.0 | ||
| 007 | t| | ||
| 008 | 040216s1904 sp ||||1| spa d | ||
| 080 | _a341.7".../05" | ||
| 100 | 1 |
_aGallego Díaz, Rafael. _953560 |
|
| 245 | 1 | 3 |
_aLa diplomacia en Grecia y Roma : _bmemoria leída en la Universidad Central el día 30 de junio de 1903 al recibir el grado de doctor en derecho / _cpor D. Rafael Gallego Díaz. |
| 260 |
_aMadrid : _b[s.n.], _c1904 ( _fMartínez y Ligero, imp.) |
||
| 300 |
_a66 p. ; _c21 cm. |
||
| 530 | _aDisponible en formato digital. | ||
| 650 | 4 |
_aDiplomacia- _vHistoria. _9138850 |
|
| 710 | 2 |
_aUniversidad Central (Madrid) _97084 |
|
| 852 | 4 |
_aES-MaACL _jT-1031-F-9 _z- Dedicatoria autógrafa del autor |
|
| 856 | 4 |
_uhttp://bdh-rd.bne.es/viewer.vm?id=0000253432&page=1 _zBiblioteca Digital Hispánica |
|
| 999 |
_c67916 _d67916 |
||